[Event "Moratalaz op 16th"]
[Site "Madrid"]
[Date "2000.09.25"]
[Round "6"]
[White "Garcia Monteavaro, Carlos"]
[Black "Perez Cameselle, Francisco Jose"]
[Result "0-1"]
[WhiteElo "2159"]
[BlackElo "2017"]
[PlyCount "106"]
[EventDate "2000.09.19"]
[EventType "swiss"]
[EventRounds "9"]
[EventCountry "ESP"]
[SourceTitle "EXT 2001"]
[Source "ChessBase"]
[SourceDate "2000.11.22"]
[SourceVersion "1"]
[SourceVersionDate "2000.11.22"]
[SourceQuality "1"]

1. e4 g6 2. d4 Bg7 3. c3 d6 4. f4 Nf6 5. Bd3 0-0 6. Nf3 c5 7. 0-0 Qb6 8. Kh1 cxd4 9. cxd4 Nc6 10. Nc3 Bg4 11. Na4 Qa5 12. Be3 Bxf3 13. gxf3 Nh5 14. d5 Nb8 15. Bd2 Qd8 16. f5 Nd7 17. f4 Rc8 18. Bc3 Nc5 19. Nxc5 Rxc5 20. Bb4 Rc8 21. Be2 Nf6 22. fxg6 hxg6 23. Bf3 Rc4 24. Bc3 Nd7 25. Bxg7 Kxg7 26. b3 Rc7 27. Qd4+ f6 28. Rg1 Rh8 29. Rg2 Rh4 30. Rag1 Rh6 31. Bg4 Nf8 32. Be2 Rc2 33. Qxa7 Qc7 34. Bc4 Rxg2 35. Rxg2 Rh4 36. Qf2 Rh3 37. Rg3 Rxg3 38. hxg3 Qa5 39. Kg2 Nd7 40. Bd3 Nc5 41. Bb1 Qc3 42. Qc2 Qd4 43. Kh2 Kh6 44. a3 Kh5 45. Qe2+ Kh6 46. b4 Na4 47. Qg2 Nc3 48. Bc2 Kg7 49. Kh3 Qe3 50. Kg4 Ne2 51. Qf3 Qd2 52. Qd3 Qe1 53. Bd1 Qh1 0-1